NW homes targets cut (Record no. 70374)
[ view plain ]
| 000 -LEADER | |
|---|---|
| fixed length control field | 01124cam a2200217 4500 |
| 001 - CONTROL NUMBER | |
| control field | WB3820-14 |
| 008 - FIXED-LENGTH DATA ELEMENTS--GENERAL INFORMATION | |
| fixed length control field | 020528n2002 000 0 eng u |
| 035 ## - SYSTEM CONTROL NUMBER | |
| System control number | (Sirsi) u118180 |
| 245 ## - TITLE STATEMENT | |
| Title | NW homes targets cut |
| 260 ## - PUBLICATION, DISTRIBUTION, ETC. | |
| Date of publication, distribution, etc. | 2002 |
| 490 ## - SERIES STATEMENT | |
| Series statement | RICS Residential Faculty News |
| Volume/sequential designation | 24 May 2002 (1) |
| 520 ## - SUMMARY, ETC. | |
| Summary, etc. | House building targets for the North West have been cut by government in a bid to prop up demand for failing property markets in the region. The annual regional provision for new homes has been cut by 15% from 15 045 to 12 970 contained in changes to draft regional planning guidance for the NW. The consultation deadline is 16 August 2002. http://www.rics.org/ricscms/bin/show?class=News&template=/includes/shownews.html&id=2644(Draft Regional Planning Guidance for the North West) http://www.rics.org/ricscms/bin/show?class=News&template=/includes/shownews.html&id=2644(DTLR News Release) |
| 590 ## - LOCAL NOTE (RLIN) | |
| Local note | WB |
| 650 ## - SUBJECT ADDED ENTRY--TOPICAL TERM | |
| Topical term or geographic name entry element | DRAFT REGIONAL PLANNING GUIDANCE |
| 650 ## - SUBJECT ADDED ENTRY--TOPICAL TERM | |
| Topical term or geographic name entry element | RPG13 |
| 650 ## - SUBJECT ADDED ENTRY--TOPICAL TERM | |
| Topical term or geographic name entry element | NORTHWEST ENGLAND |
| 650 ## - SUBJECT ADDED ENTRY--TOPICAL TERM | |
| Topical term or geographic name entry element | HOUSE BUILDING |
| 650 ## - SUBJECT ADDED ENTRY--TOPICAL TERM | |
| Topical term or geographic name entry element | TARGETS |
| 690 ## - LOCAL SUBJECT ADDED ENTRY--TOPICAL TERM (OCLC, RLIN) | |
| Topical term or geographic name as entry element | HOUSING-DEVELOPMENT |
| 942 ## - ADDED ENTRY ELEMENTS (KOHA) | |
| Suppress in OPAC | 0 |
| Withdrawn status | Lost status | Source of classification or shelving scheme | Damaged status | Not for loan | Home library | Current library | Shelving location | Date acquired | Total Checkouts | Full call number | Barcode | Date last seen | Copy number | Price effective from | Koha item type |
|---|---|---|---|---|---|---|---|---|---|---|---|---|---|---|---|
| Dewey Decimal Classification | London | London | News article | 28/05/2002 | WB3820-14 | 118180-1001 | 06/08/2019 | 1 | 06/08/2019 | News article |